<?xml version="1.0" encoding="UTF-8"?>
<collection xmlns="http://www.loc.gov/MARC21/slim">
 <record>
  <leader>01815nam a2200241Ia 4500</leader>
  <controlfield tag="001">CTU_210419</controlfield>
  <controlfield tag="008">210402s9999    xx            000 0 und d</controlfield>
  <datafield tag="082" ind1=" " ind2=" ">
   <subfield code="a">635.34</subfield>
  </datafield>
  <datafield tag="082" ind1=" " ind2=" ">
   <subfield code="b">T305</subfield>
  </datafield>
  <datafield tag="088" ind1=" " ind2=" ">
   <subfield code="a">T2014-63</subfield>
  </datafield>
  <datafield tag="100" ind1=" " ind2=" ">
   <subfield code="a">Đoàn, Thị Kiều Tiên</subfield>
  </datafield>
  <datafield tag="245" ind1=" " ind2="0">
   <subfield code="a">Nghiên cứu môi trường nhân nuôi và chế phấm sinh học xạ khuẩn Rhizoctonia solani gây bệnh chết gục cây con trên cải bắp :</subfield>
  </datafield>
  <datafield tag="245" ind1=" " ind2="0">
   <subfield code="b">Báo cáo tổng kết  đề tài khoa học và công nghệ cấp Trường</subfield>
  </datafield>
  <datafield tag="245" ind1=" " ind2="0">
   <subfield code="c">Đoàn Thị Kiều Tiên (chủ nhiệm đề tài)</subfield>
  </datafield>
  <datafield tag="260" ind1=" " ind2=" ">
   <subfield code="a">Cần Thơ</subfield>
  </datafield>
  <datafield tag="260" ind1=" " ind2=" ">
   <subfield code="b">Trường Đại học Cần Thơ</subfield>
  </datafield>
  <datafield tag="260" ind1=" " ind2=" ">
   <subfield code="c">2015</subfield>
  </datafield>
  <datafield tag="520" ind1=" " ind2=" ">
   <subfield code="a">Tìm ra môi trường nhân nuôi xạ khuẩn 54 RM tốt nhất trong đĩa Petri. Tìm ra chất bảo vệ tế bào xạ khuẩn 54 RM tồn tại trong điều kiện đông khô. Tìm ra chất phụ gia giúp tế bào xạ khuẩn 54 RM hồi phục từ tình trạng đông khô về tình trạng tăng trưởng tốt. Khảo sát thời gian tồn trữ của chế phẩm tế bào xạ khuẩn 54 RM dưới dạng bột đông khô. Hiệu quả phòng trị của chế phẩm xạ khuẩn 54 RM đối với bệnh chết gục cây con do nấm Rhizoctonia solani trên cây cải bắp trong điều kiện nhà lưới.</subfield>
  </datafield>
  <datafield tag="650" ind1=" " ind2=" ">
   <subfield code="a">Cabbage,Biological products,Cây cải bắp,Cây cải bắp,Chế phẩm sinh học,Cabbage</subfield>
  </datafield>
  <datafield tag="650" ind1=" " ind2=" ">
   <subfield code="x">Diseases and pests,Bệnh và sâu bệnh</subfield>
  </datafield>
  <datafield tag="904" ind1=" " ind2=" ">
   <subfield code="i">trần hoàng phúc,Qhieu</subfield>
  </datafield>
  <datafield tag="915" ind1=" " ind2=" ">
   <subfield code="a">NN</subfield>
  </datafield>
  <datafield tag="980" ind1=" " ind2=" ">
   <subfield code="a">Trung tâm Học liệu Trường Đại học Cần Thơ</subfield>
  </datafield>
 </record>
</collection>
